Central Library OPAC University of Rajshahi

The backward art of spending money : (Record no. 46336)

MARC details
000 -LEADER
fixed length control field 00740nam a2200241 a 4500
001 - CONTROL NUMBER
control field 46336
003 - CONTROL NUMBER IDENTIFIER
rucl marc code BD-RjUL
005 - DATE AND TIME OF LATEST TRANSACTION
control field 20211209054134.0
008 - FIXED-LENGTH DATA ELEMENTS--GENERAL INFORMATION
fixed length control field 160801t19501937nyu b 001 0 eng d
035 ## - SYSTEM CONTROL NUMBER
System control number (BD-RjUL)46454
040 ## - CATALOGING SOURCE
Original cataloging agency VT2
Transcribing agency VT2
Modifying agency YNG
-- UBA
-- BD-RjUL
Language of cataloging eng
041 ## - LANGUAGE CODE
Language code of text/sound track or separate title eng
082 ## - DEWEY DECIMAL CLASSIFICATION NUMBER
Edition number 23
Classification number 330.4
Author mark and year MIB 1950
100 1# - MAIN ENTRY--PERSONAL NAME
Personal name Mitchell, Wesley C.
9 (RLIN) 141498
245 14 - TITLE STATEMENT
Title The backward art of spending money :
Remainder of title and other essays /
Statement of responsibility, etc. by Wesley C. Mitchell.
260 ## - PUBLICATION, DISTRIBUTION, ETC. (IMPRINT)
Place of publication, distribution, etc. New York :
Name of publisher, distributor, etc. A. M. Kelley,
Date of publication, distribution, etc. c1937 [reprinted 1950].
300 ## - PHYSICAL DESCRIPTION
Pagination vii, 421 p. ;
Size 17 cm.
500 ## - GENERAL NOTE
General note Includes index.
650 #0 - SUBJECT ADDED ENTRY--TOPICAL TERM
Topical term or geographic name as entry element Economics.
9 (RLIN) 141499
Topical term or geographic name as entry element Social sciences.
9 (RLIN) 141500
Topical term or geographic name as entry element Economia Politica
Source of heading or term larpcal
9 (RLIN) 134450
942 ## - ADDED ENTRY ELEMENTS (KOHA)
Source of classification or shelving scheme Dewey Decimal Classification
Koha item type Books
Holdings
Lost status Source of classification or shelving scheme Damaged status Not for loan Collection code Permanent Location Current Location Shelving location Date acquired Source of acquisition Cost, normal purchase price Total Checkouts Full call number Date last seen Copy number Koha item type
  Dewey Decimal Classification     Non-fiction Central Library, University of Rajshahi Central Library, University of Rajshahi   04/12/1968 zeitlinger 80.60   330.4 MIB 1950 01/08/2016 C-2 Books